| 000 | 00998nam a22003137a 4500 | ||
|---|---|---|---|
| 001 | 0001393 | ||
| 003 | KOHA_MİRAKIL | ||
| 005 | 20260207001240.0 | ||
| 007 | ta | ||
| 008 | 090108b2005 tu |||gre|||#0|||0|tur | | ||
| 020 |
_a9751403405 _q(tk.) 9751407761 _qc.1 _q(A-L) _c16,854444444444443 |
||
| 040 |
_aTR-BiSEU _btur _cTR-BiSEU _erda |
||
| 041 | 0 | _atur | |
| 044 | _ctu | ||
| 050 |
_aB51 _b.H36 2005 |
||
| 100 | 1 | _aHançerlioğlu, Orhan. | |
| 245 | 1 |
_aFelsefe ansiklopedisi : _bdüşünürler bölümü/ _cOrhan Hançerlioğlu ; Orhan Hançerlioğlu. |
|
| 264 | 1 |
_aİstanbul : _bRemzi Kitabevi _c2005 |
|
| 300 | _a9 c. | ||
| 336 |
_ametin _btxt _2rdacontent |
||
| 337 |
_aaracısız _bn _2rdamedia |
||
| 338 |
_acilt _bnc _2rdacarrier |
||
| 490 | 1 |
_aBüyük fikir kitapları dizisi ; _v64. |
|
| 650 | 0 |
_aPhilosophy--Encyclopedias. _94504 |
|
| 650 | 0 |
_aFelsefe--Ansiklopediler. _94505 |
|
| 830 | 1 |
_aBüyük fikir kitapları dizisi ; _v64. _94506 |
|
| 907 | _aAnsiklopedi | ||
| 942 |
_2lcc _cBK |
||
| 999 |
_c1382 _d1382 |
||